Czy znasz 30 najlepszych zawodników 2018 roku według France Footbal - Statystyki

Ogólne statystyki
  • Ten quiz został rozwiązany 70 razy
  • Średni wynik to 14 z 30
Statystyki odpowiedzi
Hint Odpowiedź % Poprawnych
2. 476 głosów Cristiano Ronaldo
95%
5. 280 głosów Lionel Messi
95%
4. 347 głosów Kylian Mbappe
80%
12. 19 głosów Neymar
68%
6. 188 głosów Mohamed Salah
65%
19. 4 głosy Sergio Ramos
65%
18. 6 głosów Karim Benzema
62%
1. 753 głosy Luka Modrić
60%
23. 3 głosy Sadio Mane
57%
17. 6 głosów Gareth Bale
55%
9. 29 głosów Kevin de Bruyne
52%
13. 17 głosów Luis Suarez
52%
11. 24 głosy N'golo Kante
48%
3. 414 głosów Antoine Griezmann
47%
15. 9 głosów Paul Pogba
47%
8. 119 głosów Eden Hazard
45%
10. 25 głosów Harry Kane
45%
24. 3 głosy Marcelo
40%
7. 121 głosów Raphael Varane
40%
14. 12 głosów Thibaut Courtois
38%
21. 4 głosy Roberto Firmino
35%
29. 0 głosów Hugo Lloris
33%
16. 7 głosów Sergio Aguero
30%
20. 4 głosy Ivan Rakitić
27%
22. 3 głosy Edison Cavani
23%
30. 0 głosów Isco
15%
26. 2 głosy Mario Mandzukić
15%
27. 2 głosy Jan Oblak
12%
28. 1 głos Diego Godin
8%
25. 2 głosy Alisson Becker
7%
Nie znaleziono quizów pasujących do podanych kryteriów
Rozkład punktacji
Procent ludzi z każdym wynikiem
Percentyl według liczby udzielonych odpowiedzi
Twoja historia wyników
Nie rozwiązałeś tego quizu